Elfeketedő kövek sebei 1976 nyár - 1978 nyár
Elmentve itt :
| Szerző: | |
|---|---|
| Testületi szerző: | |
| Adatforrás: | Philobibl |
| Dokumentumtípus: | Könyv |
| Nyelv: | magyar |
| Kulcsszavak: | szellemfilozófia vallásfilozófia |
| Megjelent: |
[Bp.]
[Körösi Csoma S. Buddhista Egyet.]
2008
|
| Sorozat: | Hamvas könyvek
|
| LEADER | 00534cam a2200169 c 4500 | ||
|---|---|---|---|
| 001 | bibPHI0037717 | ||
| 005 | 20200924123842.2 | ||
| 008 | 080702s2008 hu hun d | ||
| 100 | 1 | |a Farkas Lőrinc Imre | |
| 245 | 1 | 0 | |a Elfeketedő kövek sebei |b 1976 nyár - 1978 nyár |c Farkas Lőrinc Imre |
| 260 | |a [Bp.] |b [Körösi Csoma S. Buddhista Egyet.] |c 2008 | ||
| 300 | |a 95 p. | ||
| 490 | 1 | |a Hamvas könyvek | |
| 695 | |a szellemfilozófia | ||
| 695 | |a vallásfilozófia | ||
| 710 | 2 | |a Kőrösi Csoma Sándor Buddhista Egyetem | |
| 830 | 0 | |a Hamvas könyvek | |